| 000 | 01075pam a2200325 a 4500 | ||
|---|---|---|---|
| 001 | 599 | ||
| 005 | 20250206144214.0 | ||
| 020 | _a0679887555 (trade) | ||
| 020 | _a067998755X (glb) | ||
| 020 | _a9780590819220 | ||
| 040 |
_aDLC _cDLC _dDLC _beng |
||
| 050 | 0 | 0 |
_aPZ7.R8139 _bDe 1998 |
| 082 | 0 | 0 |
_a[Fic] _221 |
| 100 | 1 |
_aRoy, Ron, _d1940- |
|
| 245 | 1 | 4 |
_aThe deadly dungeon / _cby Ron Roy ; illustrated by John Steven Gurney. |
| 250 | _aFirst Scholastic printing, January 1999 | ||
| 260 |
_aNew York : _bScholastic, _c1998. |
||
| 300 |
_a86 pages : _billustrations ; _c20 cm |
||
| 490 | 1 | _aA to Z mysteries | |
| 500 | _a"A Stepping Stone book." | ||
| 505 | _aK | ||
| 520 | _aWhile visiting Wallis's castle, Dink and his friends investigate strange noises that lead them to a dangerous secret. | ||
| 521 | 0 |
_a610
_bLexile |
|
| 521 | 0 |
_aK
_bRaz-Plus |
|
| 650 | 1 |
_aCastles _vFiction. |
|
| 650 | 1 | _aMystery and detective stories. | |
| 700 | 1 |
_aGurney, John Steven, _d1962- _eillustrator |
|
| 906 |
_a7 _bcbc _corignew _d1 _eocip _f19 _gy-gencatlg |
||
| 942 |
_2ddc _cBK _n0 |
||
| 999 |
_c599 _d599 |
||